Normal view MARC view
  • SERGE LANG

Entry Personal Name

Number of records used in: 1

001 - CONTROL NUMBER

  • control field: 102885

003 - CONTROL NUMBER IDENTIFIER

  • control field: NUST

005 - DATE AND TIME OF LATEST TRANSACTION

  • control field: 20221117134127.0

008 - FIXED-LENGTH DATA ELEMENTS

  • fixed length control field: 221117|| aca||aabn | a|a d

040 ## - CATALOGING SOURCE

  • Original cataloging agency: NUST
  • Transcribing agency: NUST

100 ## - HEADING--PERSONAL NAME

  • Personal name: SERGE LANG

670 ## - SOURCE DATA FOUND

  • Source citation: Work cat.: (NUST)180264: Lang, Serge 102580, Analysis I /, 1968
© 2023 Central Library, National University of Sciences and Technology. All Rights Reserved.